000 01370nam a2200361 i 4500
001 bg
003 KOSZ 005
005 20200417125035.0
008 070620s1966 pl a f |000 0 pol
015 _aPB 1966/6785
035 _a(OCoLC)749837951
040 _aWA N
_cKOSZ 005/HR
_dKOSZ 005/HR
041 1 _apol
_hrus
080 _a621.313.3
100 1 _aKrasovskij, Evgenij Petrovič.
245 1 0 _aAutomatyczne sterowanie silników indukcyjnych /
_cJ. P. Krasowskij, A. G. Szapowalenko ; z ros. tł. Jerzy Wyszyński.
246 1 _iTyt. oryg.:
_aAvtomatičeskoe upravlenie asinhronnymi dvigatelâmi.
260 _aWarszawa :
_bWydawnictwa Naukowo-Techniczne,
_c1966.
300 _a166, [1] s. :
_bil. ;
_c23 cm.
336 _2rdacontent
_aTekst
_btxt
337 _2rdamedia
_aBez urządzenia pośredniczącego
_bn
338 _2rdacarrier
_aWolumin
_bnc
380 _aKsiążki.
504 _aBibliogr.
521 8 _aDla pracowników inżynieryjno-technicznych.
650 4 _aSilniki elektryczne
650 4 _aSilniki asynchroniczne
700 1 _aŠapovalenko, Aleksandr Grigor'evič.
700 1 _aWyszyński, Jerzy.
_eTł.
710 2 _aWydawnictwa Naukowo-Techniczne
_4pbl.
856 _uhttp://koha.tu.koszalin.pl/cgi-bin/koha/opac-detail.pl?biblionumber=16162
_yKatalog online BPK
942 _2UKD
_cKS
999 _c16162
_d16162